Chinese families in the post-Mao era (Бичлэгийн дугаар. 146037)
| 000 -УДИРДЛАГА | |
|---|---|
| Удирдлага | 00915nam a22003137a 4500 |
| 003 - ХЯНАЛТЫН ТОО ТОДОРХОЙЛОГЧ | |
| Код | MN-UlNUM |
| 005 - БИЧИЛТ ХИЙСЭН ОГНОО | |
| Тухайн бичилтийг бичсэн засварласан сүүлийн огноо | 20251231101747.0 |
| 008 - ЕРӨНХИЙ МЭДЭЭЛЭЛ | |
| Ерөнхий мэдээлэл | 251231s1993 caubb|||s|||| 001 0 eng | |
| 020 ## - ISBN | |
| ISBN | 0520077970 |
| -- | 0520082222 |
| 040 ## - БИЧЛЭГ ҮҮСГЭГЧ БАЙГУУЛЛАГА | |
| Бичлэг үүсгэгч номын сангийн код | МУИС-ийн номын сан |
| 084 ## - ББК АНГИЛАЛ | |
| Нэмэлт тусгалт | Бусад |
| ББК ангилал | 71.04 |
| Зохиогчийн гурван тэмдэгт | D 29 |
| Мэдлэгийн ялгаа | 65 - Эдийн засаг |
| 245 00 - ҮНДСЭН ГАРЧИГ | |
| Номын нэр | Chinese families in the post-Mao era |
| Оролцогчдын тухай мэдээ | edited by Deborah Davis, Stevan Harrell. |
| 260 ## - ГАРАЛТЫН МЭДЭЭ | |
| Хэвлэгдсэн газар | Berkeley: |
| Хэвлэлийн газар | University of California Press, |
| Хэвлэгдсэн он | 1993. |
| 300 ## - МАТЕРИАЛЫН ТОДОРХОЙЛОЛТ | |
| хуудасны тоо | xiii, 370 p. : |
| Бусад тоон мэдээлэл | maps ; |
| Хэмжээ | 24 cm. |
| 500 ## - Тайлбар | |
| Дансны дугаар | БС 4788 |
| 546 ## - ХЭЛНИЙ ТУХАЙ МЭДЭЭ | |
| Хэл | Англи хэл дээр, |
| 653 ## - Түлхүүр үг | |
| Түлхүүр үг | families |
| 653 ## - Түлхүүр үг | |
| Түлхүүр үг | history |
| 653 ## - Түлхүүр үг | |
| Түлхүүр үг | marriage |
| 700 1# - ХАМ ЗОХИОГЧИД | |
| Ба бус | Davis, Deborah, |
| Dates associated with a name | 1945- |
| 700 1# - ХАМ ЗОХИОГЧИД | |
| Ба бус | Harrell, Stevan. |
| 740 ## - НОМЫН ГАРЧИГ | |
| Гарчиг | Household Structure |
| 740 ## - НОМЫН ГАРЧИГ | |
| Гарчиг | Marriage |
| 740 ## - НОМЫН ГАРЧИГ | |
| Гарчиг | Childbearing |
| 740 ## - НОМЫН ГАРЧИГ | |
| Гарчиг | Hardship and dependencies |
| 942 ## - ЭЛЕМЕНТИЙН ТӨРӨЛ | |
| Зүйлийн төрөл | Ном |
